1987 1128 1248 1681 1956 1111 1231 1766 1935 1124 1516 1743 1635 1816 1358 1849 1014 1738 1944 1503 1282 1660 1330 1393 1977 1284 1686 1937 1420 1970 1566 1123 1795 1844 1279 1638 1961 1075 1724 1556 1987 1193 1868 1994 1881 1066 1782 1027 1050 1315 1217 1892 1251 1469 1435 1677 1866 1094 2000 1020 1050 1327 1276 1408 1226 1657 1677 1622 1515 1904 1114 1372 1450 1713 1553 1330 1819 1435 1012 1421 1567 1682 1626 1170 1394 1091 1654 1489 1929 1553 1934 1085 1540 1848 1364 1791 1346 1174 1778 BCNSPRNW ULIB Ver.6.0+V

เปลี่ยนเป็นภาษาไทย

Change to English
 แสดงรายละเอียดบรรณานุกรม
  กลับหน้าหลัก

Brief Record : Get Marc (ISO 2709) : E-mail record : QR code < ปิดหน้าต่าง
LEADER : 00000nam 2200000uu 4500
001    13399125115
003     ULIB
008    020711s2550 th a 000 0 tha d
020    9789749899274
090    นว.^bย731ค
100    โยโคมิโซะ เซชิ
245    คินดะอิจิยอดนักสืบ ตอนที่8 : อย่าออกมาเดินตอนกลางคืน/^cโยโคมิโซะ เซชิ
260    กรุงเทพมหานคร :^bJBOOK,^c2550
300    232 หน้า
945    ^p190^l0^i022062
999    ^aทศพร
รายการนี้ยังไม่มีแท็ก
คุณยังไม่ได้ล็อกอิน คุณสามารถมีกิจกรรมร่วมกับเว็บไซต์ได้ แต่ต้องล็อกอินก่อน ::
  ล็อกอิน

รายการสื่อสารสนเทศ

ลำดับที่ ประเภท เลขเรียก/บาร์โค้ด สถานที่ สถานะ
1. นวนิยาย
นวนิยาย
นว. ย731ค ฉ.1 
  Barcode: 022062
ห้องสมุดวิทยาเขตสวรรค์ประชารักษ์
►หนังสือทั่วไป
บนชั้น

รายการใกล้เคียง
    ผู้แต่ง [โยโคมิโซะ เซชิ]

BibComment


ยังไม่เคยถูกคอมเมนท์

คอมเมนท์ทรัพยากรรายการนี้
  คอมเมนท์: คินดะอิจิยอดนักสื..


 Copyright 2026. Bcnsprnw @Library